<?xml version="1.0" encoding="UTF-8"?>
<collection xmlns="http://www.loc.gov/MARC21/slim">
    <record>
        <controlfield tag="001">45741</controlfield>
        <controlfield tag="005">20170831220521.0</controlfield>
        <datafield tag="037" ind1=" " ind2=" ">
            <subfield code="a">GDOC-2010-1149</subfield>
        </datafield>
        <datafield tag="041" ind1=" " ind2=" ">
            <subfield code="a">spa</subfield>
        </datafield>
        <datafield tag="100" ind1=" " ind2=" ">
            <subfield code="0">(orcid)0000-0002-6592-9860</subfield>
            <subfield code="a">Aletá Alcubierre, Enrique Manuel</subfield>
        </datafield>
        <datafield tag="245" ind1="0" ind2="0">
            <subfield code="9">66506</subfield>
            <subfield code="a">El español como LE: gramática y contextos de uso</subfield>
        </datafield>
        <datafield tag="260" ind1=" " ind2=" ">
            <subfield code="a">Zaragoza</subfield>
            <subfield code="b">Universidad de Zaragoza</subfield>
            <subfield code="c">2010-2011</subfield>
        </datafield>
        <datafield tag="520" ind1=" " ind2=" ">
            <subfield code="a">La formación de profesores de español como segunda lengua es una necesidad que se siente cada vez de modo más acuciante debido al claro aumento en la demanda de aprendizaje de nuestra lengua en numerosos países. Aunque la formación ofrecida por los grados relacionados con la filología hispánica es, sin duda, la que mejor prepara a los futuros profesores de español, no es preciso insistir en el hecho de que el conocimiento de la metodología de enseñanza-aprendizaje de una segunda lengua requiere una formación específica. La asignatura que aquí presentamos pretende ofrecer una visión de la gramática del español como LE centrada en una visión no exhaustiva, sino selectiva de los auténticos problemas que ofrece la gramática española para las personas que no la tienen como lengua primera y una discusión metodológica sobre cuál es la mejor manera de presentárselos. </subfield>
        </datafield>
        <datafield tag="521" ind1=" " ind2=" ">
            <subfield code="9">654</subfield>
            <subfield code="a">Máster Universitario en Estudios Hispánicos: Lengua y Literatura</subfield>
        </datafield>
        <datafield tag="540" ind1=" " ind2=" ">
            <subfield code="a">by-nc-sa</subfield>
            <subfield code="b">Creative Commons</subfield>
            <subfield code="c">3.0</subfield>
            <subfield code="u">http://creativecommons.org/licenses/by-nc-sa/3.0/</subfield>
        </datafield>
        <datafield tag="700" ind1=" " ind2=" ">
            <subfield code="a">Edeso Natalías, Verónica</subfield>
        </datafield>
        <datafield tag="830" ind1=" " ind2=" ">
            <subfield code="9">326</subfield>
        </datafield>
        <datafield tag="856" ind1="4" ind2=" ">
            <subfield code="s">100876</subfield>
            <subfield code="u">http://zaguan.unizar.es/record/45741/files/guia.pdf</subfield>
            <subfield code="y">Guía (idioma español)</subfield>
        </datafield>
        <datafield tag="980" ind1=" " ind2=" ">
            <subfield code="a">GDOC</subfield>
            <subfield code="b">Artes y humanidades</subfield>
            <subfield code="c">103</subfield>
        </datafield>
    </record>

    
</collection>